=LDR 00000nam 2200000 4500 =001 INLIS000000000038173 =005 20200511081132 =035 ##$$a 0010-061300000038173 =008 200511################g##########0#ind## =041 ##$$a Ind =082 ##$$a 2X4.12 =090 ##$$a 2X4.12, Alk s =100 1#$$a Alkhuli, Hilmi =245 1#$$a Semua gerakan shalat menyehatkan lahir dan batin, /$c Hilmi Al Khuli =260 ##$$a Jakarta :$b Sabil,$c 2010 =300 ##$$a 220 hlm, : $b Ilus. ; $c 14 x 22 cm =650 #4$$a Shalat dan Gerakan =850 ##$$a NBPNMAT =020 ##$$a 978-602-978-308-7 =084 ##$$a 2X4.12 ALK s =250 ##$$a cet.1 =990 ##$$a 21106731 =990 ##$$a 21106732 =990 ##$$a 21106733 =990 ##$$a 0001/BPAP-NTB/20142014 =990 ##$$a 01201901524